Poliotics of administrative alienation (Record no. 427862)

000 -LEADER
fixed length control field 00330cam a22001097a 4500
008 - FIXED-LENGTH DATA ELEMENTS--GENERAL INFORMATION
fixed length control field 180718b1979 xxu||||| |||| 00| 0 eng d
082 ## - DEWEY DECIMAL CLASSIFICATION NUMBER
Classification number B135x54 B556
100 ## - MAIN ENTRY--PERSONAL NAME
Personal name Bjorkman, James Warner
245 ## - TITLE STATEMENT
Title Poliotics of administrative alienation
Statement of responsibility, etc. by James Warner Bjorkman
260 ## - PUBLICATION, DISTRIBUTION, ETC.
Place of publication, distribution, etc. Delhi
Name of publisher, distributor, etc. Ajanta Publications
Date of publication, distribution, etc. 1979
300 ## - PHYSICAL DESCRIPTION
Extent 368+p.
Holdings
Withdrawn status Lost status Damaged status Not for loan Permanent Location Current Location Date acquired Full call number Barcode Date last seen Price effective from Koha item type
        Indian Institute of Public Administration Indian Institute of Public Administration 2009-11-27 B135x54 B556 55911 2018-07-21 2018-07-21 Book

Powered by Koha